Religions and sports: The basics (Record no. 394202)

MARC details
000 -LEADER
fixed length control field 00521 a2200205 4500
005 - DATE & TIME
control field 20260128110422.0
008 - FIXED-LENGTH DATA ELEMENTS--GENERAL INFORMATION
fixed length control field 260127b |||||||| |||| 00| 0 eng d
020 ## - ISBN
International Standard Book Number 9781032424026
Price £ 19.99
040 ## - CATALOGING SOURCE
Original cataloging agency VIVEKANANDA LIBRARY
082 ## - DDC NUMBER
Classification number 201.6796
Book Number S73R
100 ## - MAIN ENTRY--PERSONAL NAME
Personal name Shoemaker, Terry D
245 ## - TITLE STATEMENT
Title Religions and sports: The basics
260 ## - PUBLICATION, DISTRIBUTION, ETC. (IMPRINT)
Name of publisher, distributor, etc Routledge
Date of publication, distribution, etc 2024
Place of publication, distribution, etc New York
300 ## - PHYSICAL DESCRIPTION
Pages viii, 181
440 ## - Series Statement
Series Title The basics series
650 ## - Subject
Subject Religion
650 ## - Subject
Subject Religious Philosophy
650 ## - Subject
Subject Sports
942 ## - ADDED ENTRY ELEMENTS (KOHA)
Koha item type Books
Holdings
Withdrawn status Lost status Source of classification or shelving scheme Damaged status Not for loan Location (home branch) Sublocation or collection (holding branch) Shelving location Date acquired Koha issues (times borrowed) Koha full call number Accession No. Koha date last seen Koha item type
    Dewey Decimal Classification     VIVEKANANDA LIBRARY VIVEKANANDA LIBRARY Vivekananda Library 06/01/2026   201.6796 S73R 444140 06/01/2026 Books
© Designed and Maintained by Vivekananda Library, MDU Rohtak